000
00298nam a2200121Ia 4500
005
20251222141818.0
008
251222s9999||||xx |||||||||||||| ||spa||
082
_a
869.57/N56
100
_a
Nieto Miranda, Luis
245
0
_a
Antología Mínima
264
_b
Universidad Andina del Cusco
942
_c
LIB
999
_c
6689
_d
6689